000
00253nam a2200109Ia 4500
008
230907s9999||||xx |||||||||||||| ||und||
082
_a
150
_b
FUR
100
_a
Furnham, Adrian,
_9
99802
245
0
_a
All in the mind :
300
_a
pages cm
942
_c
BK
999
_c
600869
_d
600869